Erfahrungen mit Beratung und Therapie: Veränderungsprozesse aus der Sicht von KlientInnen

Saved in:  
Bibliographic Details
Main Author: Krause Jacob, Mariane 1956- (Author)
Format: Print Book
Language:German
Subito Delivery Service: Order now.
Check availability: HBZ Gateway
WorldCat: WorldCat
Interlibrary Loan:Interlibrary Loan for the Fachinformationsdienste (Specialized Information Services in Germany)
Published: Freiburg im Breisgau Lambertus 1992
In:Year: 1992
Standardized Subjects / Keyword chains:B Psychotherapy / Woman client
B Psychological counseling / Woman client
Further subjects:B Thesis
Online Access: Table of Contents

MARC

LEADER 00000cam a2200000 c 4500
001 276580192
003 DE-627
005 20251222213113.0
007 tu
008 920717s1992 xx ||||| m 00| ||ger c
015 |a 92,N14,0052  |2 dnb 
016 7 |a 920439314  |2 DE-101 
020 |a 3784106080  |9 3-7841-0608-0 
035 |a (DE-627)276580192 
035 |a (DE-576)029118972 
035 |a (DE-599)GBV276580192 
035 |a (OCoLC)231299974 
040 |a DE-627  |b ger  |c DE-627  |e rakwb 
041 |a ger 
082 0 |a 616.89/14 
084 |a CU 7000  |2 rvk  |0 (DE-625)rvk/19119: 
084 |a CU 8000  |2 rvk  |0 (DE-625)rvk/19124: 
084 |a BL 6130  |2 rvk  |0 (DE-625)rvk/12230: 
100 1 |8 1\p  |0 (DE-588)172196051  |0 (DE-627)697109917  |0 (DE-576)133066304  |4 aut  |a Krause Jacob, Mariane  |d 1956- 
109 |a Krause Jacob, Mariane 1956-  |a Jacob, Mariane K. 1956-  |a Krause-Jacob, Mariane 1956-  |a Jacob, Mariane Krause 1956- 
191 |a 1 
245 1 0 |a Erfahrungen mit Beratung und Therapie  |b Veränderungsprozesse aus der Sicht von KlientInnen  |c Mariane Krause Jacob 
264 1 |a Freiburg im Breisgau  |b Lambertus  |c 1992 
300 |a 336 S. 
336 |a Text  |b txt  |2 rdacontent 
337 |a ohne Hilfsmittel zu benutzen  |b n  |2 rdamedia 
338 |a Band  |b nc  |2 rdacarrier 
502 |a Zugl.: Berlin, Freie Univ., Diss., 1991 
583 1 |a Archivierung/Langzeitarchivierung gewährleistet  |f PEBW  |x XA-DE-BW  |2 pdager  |5 DE-31 
583 1 |a Archivierung/Langzeitarchivierung gewährleistet  |f SSG  |x XA-DE-BW  |2 pdager  |5 DE-21 
601 |a Therapie 
655 7 |a Hochschulschrift  |0 (DE-588)4113937-9  |0 (DE-627)105825778  |0 (DE-576)209480580  |2 gnd-content 
689 0 0 |d s  |0 (DE-588)4047746-0  |0 (DE-627)106193694  |0 (DE-576)209074590  |2 gnd  |a Psychotherapie 
689 0 1 |d s  |0 (DE-588)4236882-0  |0 (DE-627)104890878  |0 (DE-576)210400501  |2 gnd  |a Klientin 
689 0 |5 DE-101 
689 1 0 |d s  |0 (DE-588)4047708-3  |0 (DE-627)104131489  |0 (DE-576)209074442  |2 gnd  |a Psychologische Beratung 
689 1 1 |d s  |0 (DE-588)4236882-0  |0 (DE-627)104890878  |0 (DE-576)210400501  |2 gnd  |a Klientin 
689 1 |5 DE-101 
751 |a Berlin  |0 (DE-588)4005728-8  |0 (DE-627)10482638X  |0 (DE-576)208862560  |4 uvp 
856 4 2 |u http://d-nb.info/920439314/04  |m B:DE-101  |q application/pdf  |3 Inhaltsverzeichnis  |7 1 
883 |8 1\p  |a cgwrk  |d 20241001  |q DE-101  |u https://d-nb.info/provenance/plan#cgwrk 
935 |a mteo 
935 |i Blocktest 
936 r v |a CU 7000  |b Psychologische Beratung (außer Berufsberatung)  |k Psychologie  |k Klinische Psychologie  |k Psychologische Beratung (außer Berufsberatung)  |0 (DE-627)1271484412  |0 (DE-625)rvk/19119:  |0 (DE-576)201484412 
936 r v |a CU 8000  |b Allgemeines, Einführungen, Gesamtdarstellungen  |k Psychologie  |k Klinische Psychologie  |k Psychologische Behandlungsmethoden, Psychotherapie  |k Allgemeines, Einführungen, Gesamtdarstellungen  |0 (DE-627)1271481030  |0 (DE-625)rvk/19124:  |0 (DE-576)201481030 
936 r v |a BL 6130  |b Methoden der Caritasarbeit / Sozialen Arbeit im Überblick:Diagnostik und Therapie, Pflege und Beratung allgemein  |k Theologie und Religionswissenschaften  |k Christliche Gesellschaftslehre  |k Staat  |k Handlungsfelder kirchlicher / caritativer Sozialarbeit  |k Methoden der Caritasarbeit / Sozialen Arbeit im Überblick:Diagnostik und Therapie, Pflege und Beratung allgemein  |0 (DE-627)1270727923  |0 (DE-625)rvk/12230:  |0 (DE-576)200727923 
951 |a BO 
ELC |b 1 
ITA |a 1  |t 1 
LOK |0 000 xxxxxcx a22 zn 4500 
LOK |0 001 3128487758 
LOK |0 003 DE-627 
LOK |0 004 276580192 
LOK |0 005 20020413000000 
LOK |0 008 921117||||||||||||||||ger||||||| 
LOK |0 040   |a DE-21  |c DE-627  |d DE-21 
LOK |0 852   |a DE-21 
LOK |0 852 1  |c 32 A 16068  |9 00 
LOK |0 939   |a 17-11-92  |b l01 
LOK |0 000 xxxxxcx a22 zn 4500 
LOK |0 001 3128487812 
LOK |0 003 DE-627 
LOK |0 004 276580192 
LOK |0 005 20100407010630 
LOK |0 008 050716||||||||||||||||ger||||||| 
LOK |0 040   |a DE-21-43  |c DE-627  |d DE-21-43 
LOK |0 541   |e 92/1010 
LOK |0 852   |a DE-21-43 
LOK |0 852 1  |c Db VII 1123  |m p  |9 00 
LOK |0 935   |a k043 
LOK |0 938   |k p 
LOK |0 939   |a 16-07-05  |b l01 
ORI |a SA-MARC-ixtheoa001.raw 
REL |a 1 
STA 0 0 |a Psychological counseling,Psychological counselling,Psychotherapy,Psychological treatment,Treatment,Woman client 
STB 0 0 |a Cliente,Conseil psychologique,Soutien psychologique,Soutien psychologique,Psychothérapie 
STC 0 0 |a Asesoramiento psicológico,Cliente,Psicoterapia 
STD 0 0 |a Cliente,Consulenza psicologica,Psicoterapia 
STE 0 0 |a 心理治疗,精神治疗 
STF 0 0 |a 心理治療,精神治療,諮商心理學 
STG 0 0 |a Aconselhamento psicológico,Cliente,Psicoterapia 
STH 0 0 |a Клиентка,Психологическая консультация,Психотерапия 
STI 0 0 |a Πελάτισσα,Ψυχοθεραπεία,Ψυχολογική συμβουλευτική 
SUB |a REL 
SYG 0 0 |a Behandlung,Psychologische Behandlung